000 00270nam a2200109Ia 4500
001 1259619
005 20260417140315.0
008 260417s9999 xx 000 0 und d
020 _a9789752895904
245 0 _aAnnem İçin
_cSelim İleri
260 _bEverest Yayınları
999 _c1259619
_d1259619